000 00445nam a2200169Ia 4500
008 230711s9999||||xx |||||||||||||| ||und||
020 _a978-1-138-29393-9
041 _aENG
082 _a690.24
_bTH-S
100 _aDimitris,Theodossopoulos
245 0 _aStructural Design in Building Conservation
250 _a1st Ed.
260 _c2017
_aLondon
_bRoutledge Taylor & Franic Group
300 _a260p.
650 _aArchitecture
942 _cBK
999 _c6085
_d6085